=LDR 00000nam 2200000 4500 =001 INLIS000000000014947 =005 20130612110230 =008 ***********************************Ind** =035 ##$$0010-061300000014947 =041 ##$$a Ind =082 ##$$a 370.1 =090 ##$$a 370.1, Bar f =100 ##$$a barnadid, imam =245 ##$$a Filsafat pendidikan, imam barnadid =260 ##$$a 2002 $b Yogyakarta =300 ##$$a viii, 84 hlm, 20 cm =650 ##$$a Pendididkan-filsafat =850 ##$$a NBPNMAT